| 000 | 01695cad a22002415a 4500 | ||
|---|---|---|---|
| 001 | L144611 | ||
| 008 | 080730e20080717xxk f lf000 0 eng d | ||
| 035 | _a(Sirsi) u144611 | ||
| 041 | 0 | _aeng | |
| 050 | 0 | 4 | _a346.41043 $2 18 |
| 110 | 2 |
_aUnited Kingdom _kLaws, etc. _95044 |
|
| 245 | 0 | 4 |
_aThe Land Registration (Amendment) Rules 2008 _h[electronic resource] |
| 260 |
_aLondon _bOPSI _c2008 |
||
| 505 | 2 | _aCitation -- Commencement -- Interpretation -- Amendments to the principal rules -- Use of old forms -- Provision consequential upon revocation of rule 8(1)(i) -- Schedule 1: amendments to parts 1 to 10 and 13 to 16 of the principal rules -- Schedule 2: substituted schedule 1 to the principle rules -- Schedule 3: amendments to schedule 3 to the principle rules -- Schedule 4: substituted schedule 4 to the principle rules -- Schedule 5: amendments to schedule 6 to the principle rules -- Schedule 6: amendments to schedule 9 to the principle rules | |
| 520 | _aMakes changes to the rules that make detailed provision for land registration in England and Wales under powers contained in the Land Registration Act 2002. Comes into force on 10 November 2008. Paragraph 40 of Schedule 1 (new rule 111) shall come into force on the day that section 869 of the Companies Act 2006(4) comes into force. | ||
| 521 | _aAdvanced | ||
| 650 | 2 | 4 | _aLAND REGISTRATION (AMENDMENT) RULES 2008 |
| 650 | 2 | 4 | _aLAND REGISTRATION ACT 2002 |
| 651 | 4 |
_aEngland and Wales _y1543- |
|
| 690 | _aPROPERTY-PROPERTY ACQUISITION AND DISPOSAL-REGISTRATION OF TITLE TO PROPERTY | ||
| 856 | 4 | 8 |
_uhttps://www.opsi.gov.uk/si/si2008/uksi_20081919_en_1 _zView the item free of charge at www.opsi.gov.uk... |
| 942 | _n0 | ||
| 999 |
_c108557 _d108557 |
||